Sufjan Stevens Songs by Lyric - Statistics

General Stats
  • This quiz has been taken 106 times
  • The average score is 6 of 20
Answer Stats
Hint Answer % Correct
Shall we look at the moon, my little loon? // Why do you cry? Fourth of July
82%
If I was crying in the van with my friend // It was for freedom from myself and from the land Chicago
72%
And in my best behavior I am really just like him John Wayne Gacy, Jr.
59%
And he drove his car into the Navy yard // Just to prove that he was sorry Casimir Pulaski Day
56%
Again I lost my strength completely // Oh, be near me tired old mare Death with Dignity
44%
Half-life, jack knife into the canyon at night The Only Thing
40%
For the love, for laughter // I flew up to your arms Visions of Gideon
38%
But in this light you look like Poseidon // I'm just a ghost you walk right through All of Me Wants All of You
34%
Oh, killer oh oh oh oh // She gave us a mirror, she gave us a map Jacksonville
31%
We saw the dragon move down // My father burned into coal Seven Swans
21%
Lonely vampire inhaling its fire // I'm chasing the dragon too far No Shade in the Shadow of the Cross
19%
What the water wants is hurricanes // And sailboats to ride on its back Sister
13%
Then Peter spoke, to make of them a tabernacle place // A cloud appeared in glory as an accolade The Transfiguration
12%
I live in a trailer home // With a snow mobile, my car The Upper Peninsula
12%
Dove flew to me like a vision of paranoia America
8%
Be still and know your sign // The beast will arrive in time In the Devil's Territory
7%
Mystical star, burn bright like the tail of a dog My Rajneesh
6%
And I won't stay very long // But you are the life I needed all along Futile Devises
3%
We were riding side by side // Into the frontier Kill
2%
I'll be the reservoir // What are you waiting for? The Runaround
1%
No matching quizzes found
Score Distribution
Percent of People with Each Score
Percentile by Number Answered
Your Score History
You have not taken this quiz